| 000 | 00699nam a2200217 a 4500 | ||
|---|---|---|---|
| 005 | 20241129063738.0 | ||
| 008 | 140619s1993 mx r 000 0 spa d | ||
| 020 | _a0590464752 | ||
| 035 | _aUPN01000198120 | ||
| 049 | _aI | ||
| 050 | 4 |
_aPZ10.3 _bP6.3 |
|
| 100 | 1 |
_aPotter, Beatrix, _d1866-1943 _935780 |
|
| 245 | 1 | 3 |
_aEl cuento de Pedrito Conejo / _cBeatrix Potter ; tr. por AĆda Marcuse ; il. por David Mcphail. |
| 260 |
_aNew York : _bScholastic, _c1993. |
||
| 300 |
_a31 p. : _bil. col. |
||
| 534 |
_pTitulo original: _tThe tale of Peter Rabbit |
||
| 650 | 4 |
_aConejos _vCuentos y leyendas _922085 |
|
| 650 | 4 |
_aCuentos infantiles ingleses _910002 |
|
| 905 | _aInfantil | ||
| 999 |
_c170221 _d170221 |
||